Statistiques concernant Marques du groupe Ferrero

Cliquez ici pour prendre le quiz!

Statistiques générales

  • Ce quiz a été pris 63 fois
  • Le résultat moyen est 2 sur 6

Statistiques - réponses

Marques% Correct
Nutella
92%
Ferrero Rocher
69%
Mon Chéri
27%
Kinder Surprise
12%
Kinder Chocolat
10%
Tic Tac
10%

Distribution des résultats

Percentile par nombre de réponses

% des personnes avec chaque résultat

Votre développement - résultats

Vous n’avez pas pris ce quiz